| 000 | 00610cam a2200229 i 4500 | ||
|---|---|---|---|
| 999 |
_c4913 _d4913 |
||
| 001 | 4913 | ||
| 003 | BD-JhCC | ||
| 005 | 20171206172038.0 | ||
| 008 | 801204s1974 ctu 000 0 eng | ||
| 035 | _a(BD-JhCC) | ||
| 040 |
_aDLC _cDLC _dDLC |
||
| 041 | _aeng | ||
| 082 | 0 | 0 |
_a320.5 _219 _bLEN 1974 |
| 100 | 1 | _aLenin, V. I. | |
| 245 | 1 | 0 |
_aAgainst Imperialist War : _bArtucles and Speeches / _cV. I. Lenin |
| 260 |
_aWestport, Conn. : _bProgress Publishers, _c1974. |
||
| 300 |
_a349 p. : _c22 cm. |
||
| 500 | _aIncludes index. | ||
| 650 | 0 |
_aPeace _zWorld Politics |
|
| 942 |
_2ddc _cBK |
||